| Tag |
First Indicator |
Second Indicator |
Subfields |
| LEADER |
00000cas a2200000Ia 4500 |
| 001 |
in00001668898 |
| 005 |
20190325103033.0 |
| 006 |
m d |
| 007 |
cr cnu-------- |
| 008 |
010315cuuuu9999nyudr s r 0 a0eng d |
| 035 |
|
|
|a (OCoLC)ocm46458440
|
| 040 |
|
|
|a JAZ
|c JAZ
|d FTU
|d OCLCQ
|d UtOrBLW
|
| 043 |
|
|
|a n-us---
|
| 049 |
|
|
|a TXAM
|
| 090 |
|
|
|a HD2769.2.U6
|b N66 Electronic
|
| 090 |
|
|
|a HD2769.2.U6 (online)
|
| 130 |
0 |
|
|a Nonprofit sector yellow book (Online)
|
| 245 |
1 |
0 |
|a Nonprofit sector yellow book :
|b who's who in the management of the leading foundations, universities, museums, and other nonprofit organizations.
|
| 246 |
2 |
0 |
|a Nonprofit sector
|
| 264 |
|
1 |
|a New York :
|b Leadership Directories, Inc.
|
| 310 |
|
|
|a Updated daily
|
| 336 |
|
|
|a text
|b txt
|2 rdacontent
|
| 337 |
|
|
|a computer
|b c
|2 rdamedia
|
| 338 |
|
|
|a online resource
|b cr
|2 rdacarrier
|
| 538 |
|
|
|a Mode of access: World Wide Web.
|
| 530 |
|
|
|a Online version of print publication.
|
| 516 |
|
|
|a Text (electronic directory)
|
| 550 |
|
|
|a Made available online by Leadership Directories, Inc. via the Leadership Library on the Internet.
|
| 500 |
|
|
|a Description based on database as viewed Jan. 23, 2002 ; title from publication description screen.
|
| 506 |
|
|
|a Note: This resource is limited to 1 simultaneous user. Directory of public and private sector personnel contacts at 40,000 leading U.S. government, business, professional, and nonprofit organizations. Browse or search for congressional, federal, state, municipal, judicial, corporate, financial, news media, associations, law firms, government affairs, foreign representatives, nonprofit sector contacts.
|
| 520 |
|
|
|a Directory of public and private sector personnel contacts at 40,000 leading U.S. government, business, professional, and nonprofit organizations. Browse or search for congressional, federal, state, municipal, judicial, corporate, financial, news media, associations, law firms, government affairs, foreign representatives, nonprofit sector contacts.
|
| 500 |
|
|
|a Electronic resource.
|
| 650 |
|
0 |
|a Nonprofit organizations
|z United States
|x Administration
|v Directories.
|
| 650 |
|
0 |
|a Charitable uses, trusts, and foundations
|z United States
|x Administration
|v Directories.
|
| 650 |
|
0 |
|a Universities and colleges
|z United States
|x Administration
|v Directories.
|
| 650 |
|
0 |
|a Museums
|z United States
|x Administration
|v Directories.
|
| 655 |
|
7 |
|a Databases.
|2 local
|
| 655 |
|
7 |
|a Reference source.
|2 local
|
| 710 |
2 |
|
|a Leadership Directories, Inc.
|
| 710 |
2 |
|
|a Leadership library on the Internet.
|
| 773 |
0 |
|
|t Leadership Library on the Internet
|w (OCoLC)ocm42758739
|
| 776 |
1 |
|
|t Nonprofit sector yellow book
|x 1520-9148
|w (DLC)sn 98001715
|w (OCoLC)39624468
|
| 856 |
4 |
1 |
|u http://proxy.library.tamu.edu/login?url=http://coral.library.tamu.edu/resourcelink.php?resource=2301
|t 0
|
| 949 |
|
|
|a AM_DB_MFHD URL added
|b h
|c 2003/4/20
|d c
|e bsurratt
|f 12:08:59 pm
|
| 994 |
|
|
|a E0
|b TXA
|
| 999 |
|
|
|a MARS
|
| 999 |
f |
f |
|s f8dc07cc-2338-398b-b782-f86c199e4d9d
|i 08e96376-9a14-3dea-b80b-220cd9f65d52
|t 0
|
| 952 |
f |
f |
|a Texas A&M University
|b College Station
|c Electronic Resources
|d Available Online
|t 0
|e HD2769.2.U6 N66
|g Electronic
|h Library of Congress classification
|
| 998 |
f |
f |
|a HD2769.2.U6 N66
|t 0
|l Available Online
|